000 00745nam a22002175i 4500
001 178325
003 ES-MaACL
005 20250827100530.0
008 110525s1969 sp |||| | spa d
080 _a1(091)
100 1 _aTéllez, José.
_9146713
245 1 0 _aPitágoras y su escuela, escuelas eleática y atomista, los sofistas /
_cpor José Téllez.
260 _aMadrid :
_bDelblan,
_cD. L. 1969.
300 _a16 p. ;
_c16 cm.
490 1 _aMosaico cultural. 7. Sistemas filosóficos ;
_v4
500 _aEncuadernado con otros títulos.
650 4 _aFilosofía-
_vHistoria.
_9158248
830 0 0 _aMosaico cultural.
_pSistemas filosóficos
_v4
_9190894
852 _aES-MaACL
_jE-15194 (4)
_xOlim P-1923
999 _c178325
_d178325